LIBRARY & INFORMATION CENTRE, KCAET, TAVANUR

ONLINE PUBLIC ACCESS CATALOGUE (OPAC)

Field crop diseases handbook / (Record no. 6782)

MARC details
000 -LEADER
fixed length control field 00384cam a2200145ua 4500
041 ## - LANGUAGE CODE
Language code of text/sound track or separate title eng
082 ## - DEWEY DECIMAL CLASSIFICATION NUMBER
Classification number 028.71632
Item number NYV/FI
100 ## - MAIN ENTRY--AUTHOR NAME
Personal name Nyvall, Robert F .
245 ## - TITLE STATEMENT
Title Field crop diseases handbook /
260 ## - PUBLICATION, DISTRIBUTION, ETC. (IMPRINT)
Place of publication Connecticut :
Name of publisher A.V.I Publishing company ,
Year of publication 1979.
300 ## - PHYSICAL DESCRIPTION
Number of Pages 436 ; .
942 ## - ADDED ENTRY ELEMENTS (KOHA)
Koha item type Books
Holdings
Withdrawn status Lost status Damaged status Home library Current library Date acquired Full call number Accession Number Koha item type
      KAUAET KAUAET 26/03/1987 028.71632 16157 Reference
free website counter